Masies del Garraf 1 / Pau Roig Estradé
ISBN:
84-85960-24-6
Descripción Física:
v. : il. ; 21 cm
Colección:
De l'arç al traç
MARC
| LEADER | 00000nam a2200000Ia 4500 | ||
|---|---|---|---|
| 001 | 17159 | ||
| 008 | 160829s1998 xx 000 0 cat d | ||
| 020 | |a 84-85960-24-6 | ||
| 080 | |a H-2-309 | ||
| 100 | |a Roig i Estradé, Pau |9 28015 | ||
| 245 | |a Masies del Garraf 1 / Pau Roig Estradé | ||
| 260 | |a Vilanova i la Geltrú : |b El Cep i la nansa : |b Consell Comarcal del Garraf, |c 1998 | ||
| 300 | |a v. : |b il. ; |c 21 cm | ||
| 490 | |a De l'arç al traç | ||
| 650 | |a Masos, masies, etc. |x Garraf |9 28016 | ||
| 651 | 0 | |a Garraf (Catalunya) |9 50641 | |
| 901 | |a Arxiu | ||
| 942 | |n 1 | ||
| 952 | |0 0 |1 0 |4 0 |6 H2309 |7 1 |9 44636 |a Arxiu |b Arxiu |d 2016-12-01 |l 0 |o H-2-309 |p 17159 |r 2016-12-01 00:00:00 |w 2016-12-01 |y ARXIU | ||
| 999 | |c 47217 |d 47217 | ||